000 00807nam a2200253Ia 4500
003 OSt
005 20220930062725.0
006 a|||||r|||| 00| 0
007 ta
008 220926b |||||||| |||| 00| 0 eng d
024 _a1493
037 _cTheses
040 _aCRL
_cCRL
_beng
041 _2eng
_aeng
100 _aNarayana Shashi S
_9521709
110 _aUniversity of Delhi. Faculty of Social Sciences. Department of African Studies
_9519560
245 0 _aLiberation movement in Namibia
260 _c1991
650 _aAFRICA - HISTORY
700 _a Prof K K Virmani Supervisor
_9521710
700 _aUniversity of Delhi. Faculty of Social Sciences. Department of African Studies
_9519562
942 _cDIS
_2CC
999 _c855895
_d855895